01454nam a2200301 4500003000500000005001700005008004100022040003100063050001700094100004000111245014500151260008300296300004500379336002600424337002800450338002700478500013900505501000700644504004100651650003500692650004100727650007800768650003900846700003000885942004000915999001900955952017800974NUST20260511105536.0260416b |||||||| |||| 00| 0 eng d aNUSTbengcNUSTdNUSTerda aLB2806.4 ZIM aZimucha, Tendai Happiness.eAuthor. aRecords Management and Service Delivery in the Ministry of Primary and Secondary Education, Mashonaland East /cby Tendai Happiness Zimucha. aBulawayo, Zimbabwe :bNational University of Science and Technology ,c©2021. axv, 121 pages :cIllustrations ;b31 cm. 2rdacontentatextbtxt 2rdamediaaunmediatedbn 2rdacarrieravolumebnc aA dissertation submitted in partial fulfilment of the requirements of the Master of Science degree in Records and Archives Management. 00m aIncludes bibliographical references. aRecords Management zZimbabwe. aService Deliveryx Education Sector. aMinistry of Primary and Secondary Education zMashonaland East, Zimbabwe. aPublic Administrationx Education. aDr Chabikwa.eSupervisor. 2lccn0c3HOURhLB2806.4ZIMkLBmZIM c172763d172763 00102LCC40708NFICaMAINbMAINcSpecial Collectiond2026-04-16eNUSTl0oLB2806.4ZIMp92004051959r2026-04-16 12:25:00tSC22/1267v15.00w2026-04-16y3HOURzDissertation